Naisten Salibandyn F-Liiga - Mitalistit - Statistics

Yleistilastot
  • Tätä visaa on pelattu 66 kertaa
    44 viimeisimmän päivityksen jälkeen
  • Keskiarvotulos 13 / 26
Vastaustilastot
Kultaa Hopeaa Pronssia Yht. Joukkue % Oikein
10 7 2 19 Classic
94%
3 1 4 TPS
94%
7 5 2 14 Erä
91%
1 3 3 7 PSS
79%
1 1 SSV
79%
1 1 Koovee
76%
3 6 2 11 SB-Pro
76%
3 3 EräViikingit
71%
1 1 2 Oilers
71%
1 4 5 Happee
68%
3 3 6 Josba
65%
1 1 SSRA
65%
2 1 1 4 HIFK
62%
1 1 SPV
59%
2 2 6 10 NST
56%
3 1 4 VFT
50%
2 2 SC Dalmac
32%
1 1 Ylhäs
32%
1 1 OLS
29%
1 1 VÅSC
15%
1 1 FBC Loisto
12%
1 2 3 BET
6%
1 1 Tiikerit
6%
1 1 Ms ICS
0%
1 1 2 SAPA
0%
1 1 Top Gun
0%
Ehtoja vastaavia visoja ei löytynyt
Tulosjakauma
Jokaisen tuloksen saaneiden osuus
Persentiili vastausten määrän mukaan
Tuloshistoriasi
Et ole pelannut tätä visaa sen viimeisimmän päivityksen jälkeen